[Event "33rd Zalakaros Open 2014"]
[Site "Zalakaros HUN"]
[Date "2014.05.26"]
[Round "4.30"]
[White "Dankhazi, Andras"]
[Black "Gara, Ticia"]
[Result "1/2-1/2"]
[BlackTitle "WGM"]
[WhiteElo "2203"]
[BlackElo "2338"]
[WhiteFideId "714267"]
[BlackFideId "717444"]
[EventDate "2014.05.23"]
[EventType "swiss"]

1. d4 Nf6 2. c4 g6 3. Nc3 d5 4. cxd5 Nxd5 5. e4 Nxc3 6. bxc3 Bg7 7. Be3 c5 8.
Rc1 O-O 9. Qd2 Qa5 10. Nf3 Rd8 11. d5 e6 12. Bg5 f6 13. Be3 exd5 14. exd5 Bf5
15. c4 Nc6 16. Qxa5 Nxa5 17. Bxc5 Bh6 18. Rc3 b5 19. cxb5 Rxd5 20. Be2 Bf8 21.
Bxf8 Kxf8 22. O-O Re8 23. Re3 Rxe3 24. fxe3 Bd3 25. Bxd3 Rxd3 26. Re1 1/2-1/2

[Event "33rd Zalakaros Open 2014"]
[Site "Zalakaros HUN"]
[Date "2014.05.26"]
[Round "4.31"]
[White "Gara, Anita"]
[Black "Havanecz, Bianka"]
[Result "1-0"]
[WhiteTitle "IM"]
[WhiteElo "2326"]
[BlackElo "2195"]
[WhiteFideId "709751"]
[BlackFideId "704814"]
[EventDate "2014.05.23"]
[EventType "swiss"]

1. e4 e5 2. Nf3 Nc6 3. Bb5 Nf6 4. d3 Bc5 5. c3 d6 6. O-O O-O 7. Bg5 Bg4 8. h3
Bh5 9. Nbd2 h6 10. Bh4 Ne7 11. Bxf6 gxf6 12. Qc2 c6 13. Ba4 Kh8 14. d4 Bb6 15.
Qd3 Ng6 16. g3 Rg8 17. Kh2 Qf8 18. Qe3 Qg7 19. Rg1 Ne7 20. Bc2 Rae8 21. Rae1 d5
22. Nh4 dxe4 23. Qxe4 Bg6 24. Nxg6+ Qxg6 25. Nc4 Qxe4 26. Rxe4 Ng6 27. Nd6 Re7
28. Nf5 Rd7 29. h4 h5 30. Bd1 exd4 31. cxd4 Rd5 32. Nh6 Rf8 33. Bb3 Rxd4 34.
Rxd4 Bxd4 35. Nxf7+ Kg7 36. Nd6 Bxf2 37. Rf1 Bb6 38. Nf5+ Kh7 39. Bd1 Rd8 40.
Bxh5 Rd2+ 41. Kh3 Rxb2 42. Nd6 Bd4 43. Bf3 Ne7 44. Re1 Nd5 45. Re8 Ne3 46. h5
Rf2 47. Re7+ Kg8 48. h6 f5 49. Rxb7 Nf1 50. Bg2 Ne3 51. Bxc6 Nf1 52. Bd5+ Kh8
53. Kh4 Rh2+ 54. Kg5 Be3+ 55. Kxf5 Rh5+ 56. Ke4 Bxh6 57. Nf7+ Kg7 58. Ne5+ Kf8
59. Ng6+ Ke8 60. Bc6+ Kd8 61. Rd7+ Kc8 62. Ne7+ 1-0

[Event "33rd Zalakaros Open 2014"]
[Site "Zalakaros HUN"]
[Date "2014.05.26"]
[Round "4.32"]
[White "Juhasz, Barbara"]
[Black "Papp, Petra"]
[Result "1/2-1/2"]
[WhiteTitle "WFM"]
[BlackTitle "WGM"]
[WhiteElo "2161"]
[BlackElo "2292"]
[WhiteFideId "743585"]
[BlackFideId "739049"]
[EventDate "2014.05.23"]
[EventType "swiss"]

1. e4 c5 2. Nf3 d6 3. d4 cxd4 4. Qxd4 Nc6 5. Bb5 Bd7 6. Qd3 g6 7. c4 Bg7 8. O-O
Nf6 9. Nc3 O-O 10. h3 a6 11. Bxc6 Bxc6 12. Be3 Nd7 13. Bd4 Ne5 14. Bxe5 dxe5 15.
Qe3 e6 16. b4 Qe7 17. Rab1 Rfd8 18. a4 a5 19. b5 Be8 20. Rfc1 Rac8 21. Nd1 Rc5
22. Nb2 Rdc8 23. Nd2 Qh4 24. Nf3 Qh5 25. Rd1 Bf8 26. Nd2 R5c7 27. Nb3 Bb4 28.
Rd3 Qh4 1/2-1/2

[Event "33rd Zalakaros Open 2014"]
[Site "Zalakaros HUN"]
[Date "2014.05.26"]
[Round "4.33"]
[White "Rigo, Janos"]
[Black "Maroroa, Sue"]
[Result "0-1"]
[WhiteTitle "IM"]
[BlackTitle "WIM"]
[WhiteElo "2266"]
[BlackElo "2131"]
[WhiteFideId "700371"]
[BlackFideId "4301498"]
[EventDate "2014.05.23"]
[EventType "swiss"]

1. e4 e5 2. Nf3 Nc6 3. Bb5 a6 4. Ba4 Nf6 5. d3 d6 6. c3 g6 7. Bg5 h6 8. Be3 Bg7
9. h3 Bd7 10. Nbd2 Qe7 11. b4 O-O 12. g4 Nd8 13. Bb3 Be6 14. g5 hxg5 15. Nxg5
Bxb3 16. Qxb3 Nh5 17. Ndf3 b5 18. a4 bxa4 19. Rxa4 Nb7 20. Kd2 c5 21. Rha1 cxb4
22. Rxb4 Nc5 23. Bxc5 dxc5 24. Rb7 Qf6 25. Rb6 Qf4+ 26. Ke2 Bf6 27. Rg1 Kg7 28.
Rb7 Bxg5 29. Nxg5 Kg8 30. Rg4 Qf6 31. Rb6 Nf4+ 32. Ke3 Qd8 33. Qb1 Rb8 34. Rxb8
Qxb8 35. Qa2 Qb5 36. c4 Qd7 37. Rxf4 exf4+ 38. Kxf4 Qxd3 39. Qxa6 Qd2+ 40. Kg4
Qxf2 41. h4 Rd8 0-1

[Event "33rd Zalakaros Open 2014"]
[Site "Zalakaros HUN"]
[Date "2014.05.26"]
[Round "4.34"]
[White "Varga, Klara"]
[Black "Erdos, Boglarka"]
[Result "0-1"]
[WhiteTitle "WIM"]
[WhiteElo "2260"]
[BlackElo "2185"]
[WhiteFideId "733210"]
[BlackFideId "727458"]
[EventDate "2014.05.23"]
[EventType "swiss"]

1. Nf3 Nf6 2. g3 c5 3. Bg2 Nc6 4. c4 g6 5. Nc3 Bg7 6. O-O O-O 7. e4 d6 8. h3 Rb8
9. d3 a6 10. a4 b6 11. Be3 Bb7 12. Qd2 Re8 13. Ne1 e6 14. Nc2 Na5 15. Ra3 d5 16.
exd5 exd5 17. Bf4 Rc8 18. Bg5 dxc4 19. Bxb7 Nxb7 20. dxc4 Qxd2 21. Bxd2 Nd6 22.
Ne3 Nfe4 23. Nxe4 Rxe4 24. b3 Bd4 25. Nd5 Nf5 26. Bf4 Rc6 27. Ra2 Kg7 28. Kg2 h6
29. h4 f6 30. Kf3 Re8 31. Nc7 Re7 32. Nd5 Re8 33. Rh1 Be5 34. Be3 Ne7 35. Rd2
Re6 36. Rhd1 Nf5 37. b4 Bxg3 38. bxc5 bxc5 39. fxg3 Nxe3 40. Re1 Nxc4 41. Rde2
Rxe2 42. Rxe2 Rxe2 43. Kxe2 Kf7 44. Nc7 a5 45. Na6 Ke6 46. Nxc5+ Kd5 47. Nd7 f5
48. Nf8 g5 49. h5 Nb6 50. Ng6 Ke6 51. Kd3 Nxa4 52. Kd4 Nb6 53. Ne5 a4 54. Nf3
Nd5 55. Kc4 Nf6 56. Nd4+ Ke5 0-1

[Event "33rd Zalakaros Open 2014"]
[Site "Zalakaros HUN"]
[Date "2014.05.26"]
[Round "4.35"]
[White "Hrbolka, Ladislav"]
[Black "Szalanczy, Emil"]
[Result "0-1"]
[WhiteTitle "FM"]
[BlackTitle "IM"]
[WhiteElo "2110"]
[BlackElo "2266"]
[WhiteFideId "300772"]
[BlackFideId "700347"]
[EventDate "2014.05.23"]
[EventType "swiss"]

1. d4 c5 2. d5 e6 3. c4 exd5 4. cxd5 g6 5. Nc3 Bg7 6. e4 d6 7. Nf3 a6 8. h3 Nd7
9. Bd3 Ne5 10. Nxe5 Bxe5 11. a4 Nf6 12. Be3 Nh5 13. Qd2 O-O 14. g4 Ng7 15. O-O-O
Bd7 16. f4 Bd4 17. Bc2 Bf6 18. e5 dxe5 19. Ne4 exf4 20. Nxf6+ Qxf6 21. Bxf4 Rfe8
22. Rhf1 b5 23. a5 Rac8 24. Bg5 Qd4 25. Qxd4 cxd4 26. Rxd4 f5 27. Kd2 Rc4 28.
Rxc4 bxc4 29. Rf4 fxg4 30. hxg4 Re5 31. Bf6 Rxd5+ 32. Kc3 Ne6 33. Rxc4 Kf7 34.
Bh4 Rxa5 35. Bb3 g5 36. Rc7 Ke7 37. Bxe6 Kxe6 38. Bf2 Ra4 39. Bd4 h6 40. Rb7 Bc6
41. Rh7 Kd5 42. Rxh6 0-1

[Event "33rd Zalakaros Open 2014"]
[Site "Zalakaros HUN"]
[Date "2014.05.27"]
[Round "5.1"]
[White "Onischuk, Vladimir"]
[Black "Berkes, Ferenc"]
[Result "1/2-1/2"]
[WhiteTitle "GM"]
[BlackTitle "GM"]
[WhiteElo "2594"]
[BlackElo "2665"]
[WhiteFideId "14114038"]
[BlackFideId "718572"]
[EventDate "2014.05.23"]
[EventType "swiss"]

1. e4 e6 2. d4 d5 3. Bd3 dxe4 4. Bxe4 Nf6 5. Bf3 c5 6. Ne2 Be7 7. Nbc3 O-O 8.
Be3 Qc7 9. O-O Rd8 10. Nb5 Qa5 11. c4 a6 12. Nbc3 cxd4 13. Nxd4 Nbd7 14. Qe2 Ne5
15. Rfd1 Qc7 16. b3 Bd7 17. Bg5 Be8 18. Bh4 Nxf3+ 19. Qxf3 Rd7 20. Rd3 Rad8 21.
Rad1 Qe5 22. Nde2 Rxd3 23. Rxd3 Rxd3 24. Qxd3 b5 25. cxb5 axb5 26. Qd4 Qf5 27.
h3 b4 28. Ne4 Kf8 29. Nxf6 gxf6 30. Qd2 Bc6 31. Ng3 Qd5 32. Qxd5 Bxd5 33. Nh5
Be4 34. Nxf6 Bxf6 35. Bxf6 Bb1 36. Bd4 Bxa2 37. Bc5+ Kg7 38. Bxb4 Bxb3 1/2-1/2

[Event "33rd Zalakaros Open 2014"]
[Site "Zalakaros HUN"]
[Date "2014.05.27"]
[Round "5.2"]
[White "Bachmann, Axel"]
[Black "Kovchan, Alexander"]
[Result "0-1"]
[WhiteTitle "GM"]
[BlackTitle "GM"]
[WhiteElo "2589"]
[BlackElo "2558"]
[WhiteFideId "3700488"]
[BlackFideId "14103052"]
[EventDate "2014.05.23"]
[EventType "swiss"]

1. d4 Nf6 2. c4 g6 3. f3 d5 4. cxd5 Nxd5 5. e4 Nb6 6. Nc3 Bg7 7. Be3 O-O 8. Qd2
Nc6 9. O-O-O Qd6 10. Nb5 Qd7 11. f4 Qe6 12. Nc3 Nc4 13. Qe2 Nxe3 14. Qxe3 Nb4
15. Kb1 c6 16. Nf3 Nd5 17. Nxd5 cxd5 18. e5 Qg4 19. Ka1 f6 20. g3 g5 21. Be2
gxf4 22. gxf4 fxe5 23. fxe5 Qf4 24. Qb3 Bg4 25. Rhf1 e6 26. h3 Bxh3 27. Rg1 Bg4
28. Qxb7 h5 29. Nh4 Rab8 30. Qe7 Rfe8 31. Qd7 Qf2 32. Rxg4 hxg4 33. Rf1 Qxh4 34.
Bxg4 Qe7 35. Qc6 Rbc8 36. Qa6 Rc4 0-1

[Event "33rd Zalakaros Open 2014"]
[Site "Zalakaros HUN"]
[Date "2014.05.27"]
[Round "5.3"]
[White "Fodor, Tamas Jr."]
[Black "Jones, Gawain C B"]
[Result "0-1"]
[WhiteTitle "GM"]
[BlackTitle "GM"]
[WhiteElo "2462"]
[BlackElo "2645"]
[WhiteFideId "723762"]
[BlackFideId "409561"]
[EventDate "2014.05.23"]
[EventType "swiss"]

1. d4 Nf6 2. c4 g6 3. Nc3 Bg7 4. e4 d6 5. Nf3 O-O 6. Be2 e5 7. Be3 Ng4 8. Bg5 f6
9. Bc1 Nc6 10. d5 Nd4 11. Nxd4 exd4 12. Nb5 f5 13. O-O Ne5 14. exf5 d3 15. Bxd3
Nxd3 16. Qxd3 Bxf5 17. Qe2 a6 18. Nc3 Qh4 19. Be3 Rae8 20. Rac1 Bg4 21. Qd2 Bf3
22. Ne2 Be5 23. Ng3 Rf5 24. gxf3 Rh5 25. Rfe1 Qxh2+ 26. Kf1 Qh3+ 27. Ke2 Bxg3
28. fxg3 Qxg3 29. Kd3 Qxf3 30. Re2 b5 31. b3 bxc4+ 32. bxc4 Rh3 33. Rce1 Rh4 34.
Qb4 c5 35. Qb3 Rhe4 36. Kd2 Qg4 37. Kd3 h5 38. Qa4 Rxe3+ 39. Rxe3 Qd4+ 40. Kc2
Rxe3 41. Rxe3 Qxe3 42. Qxa6 Qf2+ 43. Kb1 Qg1+ 44. Kc2 Qh2+ 45. Kd1 h4 46. Qc8+
Kg7 47. Qd7+ Kh6 48. Qg4 Qf2 0-1

[Event "33rd Zalakaros Open 2014"]
[Site "Zalakaros HUN"]
[Date "2014.05.27"]
[Round "5.4"]
[White "Papp, Gabor1"]
[Black "Gonda, Laszlo"]
[Result "1/2-1/2"]
[WhiteTitle "GM"]
[BlackTitle "GM"]
[WhiteElo "2580"]
[BlackElo "2563"]
[WhiteFideId "718602"]
[BlackFideId "720852"]
[EventDate "2014.05.23"]
[EventType "swiss"]

1. e4 e5 2. Nf3 Nc6 3. Bb5 Nf6 4. d3 d6 5. O-O Bd7 6. Re1 Be7 7. c3 O-O 8. Nbd2
Re8 9. Nf1 Bf8 10. Ng3 g6 11. h3 Bg7 12. Ba4 Na5 13. b4 b5 14. Bxb5 Bxb5 15.
bxa5 c6 16. c4 Ba6 17. Qa4 Qc7 18. Bb2 Nd7 19. Rad1 Rab8 20. Bc3 Nc5 21. Qc2 Ne6
22. Qc1 c5 23. Bd2 1/2-1/2

[Event "33rd Zalakaros Open 2014"]
[Site "Zalakaros HUN"]
[Date "2014.05.27"]
[Round "5.5"]
[White "Horvath, Adam1"]
[Black "Horvath, Jozsef1"]
[Result "1-0"]
[WhiteTitle "GM"]
[BlackTitle "GM"]
[WhiteElo "2531"]
[BlackElo "2507"]
[WhiteFideId "708003"]
[BlackFideId "700061"]
[EventDate "2014.05.23"]
[EventType "swiss"]

1. e4 e5 2. Nf3 Nf6 3. Nxe5 d6 4. Nf3 Nxe4 5. Nc3 Nxc3 6. dxc3 Be7 7. Be3 O-O 8.
Qd2 Nd7 9. O-O-O Ne5 10. Kb1 c6 11. Nxe5 dxe5 12. Bd3 Be6 13. Qe2 Qa5 14. c4
Rad8 15. Bd2 Qc5 16. a3 Bf6 17. Bb4 Qb6 18. Bxf8 Kxf8 19. Be4 Re8 20. Qd2 g6 21.
h4 h5 22. Qc3 Qc5 23. f4 Kg7 24. fxe5 Bxe5 25. Qb4 Qxb4 26. axb4 Bxc4 27. Rd7
Bf6 28. Bf3 Ba6 29. b5 Bxb5 30. Rxb7 a6 31. Rc7 Re6 32. b3 Bc3 33. Rd1 a5 34.
Ka2 a4 35. Ka3 axb3 36. cxb3 Be5 37. Rb7 Bd6+ 38. Ka2 Be2 39. Re1 1-0

[Event "33rd Zalakaros Open 2014"]
[Site "Zalakaros HUN"]
[Date "2014.05.27"]
[Round "5.6"]
[White "Baumegger, Siegfried"]
[Black "Rapport, Richard"]
[Result "1-0"]
[WhiteTitle "IM"]
[BlackTitle "GM"]
[WhiteElo "2469"]
[BlackElo "2701"]
[WhiteFideId "1602829"]
[BlackFideId "738590"]
[EventDate "2014.05.23"]
[EventType "swiss"]

1. d4 Nf6 2. Nf3 d6 3. c4 g6 4. Nc3 Bg7 5. e4 O-O 6. Be2 Nbd7 7. O-O e5 8. Be3
c6 9. d5 c5 10. Ne1 Qe7 11. Kh1 Kh8 12. g4 Nb6 13. Rg1 Ng8 14. Qd2 f5 15. f3 f4
16. Bf2 Bf6 17. b4 Bh4 18. Bxh4 Qxh4 19. Nb5 Qe7 20. bxc5 dxc5 21. d6 Qg7 22.
Nc7 Rb8 23. Qa5 Na8 24. Nd3 b6 25. Qxa7 Be6 26. a4 Bxc4 27. a5 Nf6 28. Rgc1 Bxd3
29. Bxd3 Qd7 30. Bb5 Qxd6 31. Nxa8 Qd4 32. Bc6 Rbd8 33. Qe7 Ng8 34. Qh4 Rxa8 35.
Bxa8 Rxa8 36. Qe1 bxa5 37. Qc3 Re8 38. Rxa5 Qf2 39. Rxc5 Nf6 40. g5 Nd7 1-0

[Event "33rd Zalakaros Open 2014"]
[Site "Zalakaros HUN"]
[Date "2014.05.27"]
[Round "5.7"]
[White "Erdos, Viktor"]
[Black "Romanishin, Oleg M"]
[Result "1-0"]
[WhiteTitle "GM"]
[BlackTitle "GM"]
[WhiteElo "2651"]
[BlackElo "2482"]
[WhiteFideId "719978"]
[BlackFideId "14100088"]
[EventDate "2014.05.23"]
[EventType "swiss"]

1. d4 Nf6 2. c4 d6 3. Nf3 g6 4. g3 Bf5 5. Bg2 Bg7 6. h3 O-O 7. g4 Be6 8. d5 Bd7
9. Nc3 c6 10. O-O Na6 11. e4 e5 12. Be3 cxd5 13. cxd5 Rc8 14. Nd2 Nc5 15. Qe2
Ne8 16. Rac1 a5 17. Kh1 a4 18. f4 exf4 19. Bxf4 a3 20. bxa3 Qa5 21. Ndb1 Qa6 22.
Qxa6 bxa6 23. Rcd1 Nb7 24. Rc1 Na5 25. Ne2 Nc4 26. Nd2 Nxa3 27. Rxc8 Bxc8 28.
Rf3 Nb5 29. Nc4 f5 30. exf5 gxf5 31. g5 Nd4 32. Re3 Bd7 33. Nxd6 Nxe2 34. Rxe2
Nxd6 35. Bxd6 Rc8 36. Kh2 Bb5 37. Rf2 Bd3 38. Rd2 Bb1 39. Bf4 Bc3 40. Re2 Rc4
41. Kg3 Kf7 42. Bf3 Be4 43. Bxe4 fxe4 44. Kg4 Bb4 45. h4 Rd4 46. Be5 Rxd5 47.
Rxe4 a5 48. Re2 Rd1 49. Rf2+ Kg8 50. Rc2 Rg1+ 51. Kf5 Bf8 52. Rc8 Kf7 53. Rc7+
Kg8 54. Ra7 Rh1 55. Kg4 Rg1+ 56. Kh5 Re1 57. Bf6 Re4 58. Rxa5 Bd6 59. Ra8+ Kf7
60. Ra7+ Ke6 61. Rxh7 Kf5 62. Rf7 1-0

[Event "33rd Zalakaros Open 2014"]
[Site "Zalakaros HUN"]
[Date "2014.05.27"]
[Round "5.8"]
[White "Beliavsky, Alexander G"]
[Black "Nemeth, Miklos1"]
[Result "1-0"]
[WhiteTitle "GM"]
[BlackTitle "IM"]
[WhiteElo "2620"]
[BlackElo "2492"]
[WhiteFideId "14602377"]
[BlackFideId "720232"]
[EventDate "2014.05.23"]
[EventType "swiss"]

1. Nf3 Nf6 2. c4 e6 3. Nc3 c5 4. g3 b6 5. Bg2 Bb7 6. O-O Be7 7. Re1 d5 8. cxd5
Nxd5 9. e4 Nb4 10. d4 cxd4 11. Nxd4 N8c6 12. Be3 Nxd4 13. Bxd4 O-O 14. Re2 Nc6
15. Be3 Qxd1+ 16. Rxd1 Rfd8 17. Red2 Rxd2 18. Rxd2 Rd8 19. Rxd8+ Bxd8 20. e5 Na5
21. Bxb7 Nxb7 22. Kg2 Na5 23. Nb5 Nc6 24. f4 g5 25. fxg5 a6 26. Nd6 Nxe5 27. h4
Nc6 28. Kf3 Kf8 29. Nc8 b5 30. Ke4 f6 31. gxf6 Bxf6 32. b3 Kf7 33. h5 Nb4 34.
Nd6+ Ke7 35. Nxb5 Nxa2 36. Nc7 a5 37. Nb5 Nc3+ 38. Nxc3 Bxc3 39. g4 Kf7 40. Kd3
Bb4 41. Bd4 Bd6 42. Bc3 Bc7 43. Kc4 e5 44. Kd5 Kf6 45. Bd2 Bd8 46. Ke4 Bc7 47.
g5+ Ke6 48. Be1 Bb6 49. Bg3 Bd8 50. g6 hxg6 51. hxg6 Bf6 52. Be1 Bd8 53. Bd2 Bb6
54. Bg5 Bc7 55. g7 Kf7 56. Bf6 Bd6 57. Bxe5 Bb4 58. Kd5 Bd2 59. Kc4 Bg5 60. Bc3
Bd8 61. Kb5 Bc7 62. Bf6 Kg8 63. Kc6 Bf4 64. Bc3 Bg5 65. Kb5 Bd8 66. Ka6 Kf7 67.
Kb7 Kg8 68. Ka6 Kf7 69. Bxa5 Bf6 70. b4 Bxg7 71. b5 Bd4 72. Bb6 Bf6 73. Bc5 Bd8
74. Bb4 Ke6 75. Ba5 Bg5 76. b6 Bf4 77. b7 Bb8 78. Kb6 Kd7 79. Bd2 Kd8 80. Kc6
Ke8 81. Ba5 Ke7 82. Bc7 Ba7 83. Kb5 1-0

[Event "33rd Zalakaros Open 2014"]
[Site "Zalakaros HUN"]
[Date "2014.05.27"]
[Round "5.9"]
[White "Petenyi, Tamas"]
[Black "Kovalenko, Igor"]
[Result "0-1"]
[WhiteTitle "IM"]
[BlackTitle "GM"]
[WhiteElo "2448"]
[BlackElo "2611"]
[WhiteFideId "14909090"]
[BlackFideId "14117908"]
[EventDate "2014.05.23"]
[EventType "swiss"]

1. e4 d5 2. exd5 Qxd5 3. Nc3 Qd6 4. d4 Nf6 5. Nf3 g6 6. Bc4 Bg7 7. Be3 a6 8. Ne5
O-O 9. Qf3 Nbd7 10. Nd3 e5 11. dxe5 Nxe5 12. Nxe5 Qxe5 13. O-O Bd7 14. Bb3 Bc6
15. Qf4 Qh5 16. Bd4 g5 17. Qg3 Rad8 18. Bxf6 Bxf6 19. Qxc7 g4 20. Rae1 Rde8 21.
Ne2 Be5 22. Ng3 Qxh2+ 23. Kxh2 Bxc7 24. Kg1 Be5 25. c3 Bb5 26. c4 Bc6 27. Nf5 h5
28. Ng3 h4 29. Nf5 h3 30. g3 Bd7 31. Bc2 Bxb2 32. Rb1 Bg7 33. Rxb7 Bc6 34. Rb6
Bg2 35. Rd1 Re2 36. Bd3 Rxa2 37. Bb1 Ra5 38. Nh4 Ba8 39. Bf5 Re8 40. Bxg4 Bd4
41. Rd6 Bxf2+ 42. Kh2 Ra3 43. Nf5 Be4 44. Rd8 Rxd8 45. Rxd8+ Kh7 46. Rd2 Ra1 47.
Bd1 Be1 48. Re2 Bxf5 49. Rxe1 Kg7 50. c5 Bg4 51. c6 Rxd1 52. Rxd1 Bxd1 53. Kxh3
Ba4 0-1

[Event "33rd Zalakaros Open 2014"]
[Site "Zalakaros HUN"]
[Date "2014.05.27"]
[Round "5.10"]
[White "Nagy, Gabor1"]
[Black "Grigoriants, Sergey"]
[Result "1/2-1/2"]
[WhiteTitle "IM"]
[BlackTitle "GM"]
[WhiteElo "2438"]
[BlackElo "2595"]
[WhiteFideId "737119"]
[BlackFideId "4130804"]
[EventDate "2014.05.23"]
[EventType "swiss"]

1. d4 Nf6 2. c4 e6 3. Nc3 Bb4 4. e3 O-O 5. Ne2 d5 6. a3 Be7 7. Ng3 c5 8. dxc5
Bxc5 9. cxd5 exd5 10. Nh5 Nxh5 11. Qxh5 Be6 12. Bd3 g6 13. Qe2 Nc6 14. O-O Qh4
15. b4 Be7 16. Bb2 Bf6 17. f4 Ne7 18. Nb5 Bg4 19. Bxf6 Bxe2 20. Bxh4 Bxd3 21.
Bxe7 Bxb5 22. Bxf8 Bxf1 23. Kxf1 1/2-1/2

[Event "33rd Zalakaros Open 2014"]
[Site "Zalakaros HUN"]
[Date "2014.05.27"]
[Round "5.11"]
[White "Horvath, Csaba"]
[Black "Portisch, Lajos"]
[Result "1-0"]
[WhiteTitle "GM"]
[BlackTitle "GM"]
[WhiteElo "2560"]
[BlackElo "2464"]
[WhiteFideId "700118"]
[BlackFideId "700037"]
[EventDate "2014.05.23"]
[EventType "swiss"]

1. d4 Nf6 2. c4 e6 3. Nc3 Bb4 4. Qc2 c5 5. dxc5 Bxc5 6. Nf3 Nc6 7. Bf4 Qa5 8. a3
d5 9. e3 d4 10. exd4 Nxd4 11. Qd1 Nxf3+ 12. Qxf3 Bd4 13. b4 Qh5 14. Rc1 e5 15.
Qxh5 Nxh5 16. Be3 Bxe3 17. fxe3 Nf6 18. c5 Ke7 19. Bc4 Be6 20. Bxe6 Kxe6 21. Ke2
Rhc8 22. Rhd1 Rc6 23. Rc2 a5 24. Rcd2 axb4 25. axb4 Ra3 26. Rd6+ Kf5 27. e4+ Kg5
28. Rxc6 bxc6 29. Kd3 Ng4 30. Rf1 Rb3 31. Rxf7 Kg6 32. Rb7 1-0

[Event "33rd Zalakaros Open 2014"]
[Site "Zalakaros HUN"]
[Date "2014.05.27"]
[Round "5.12"]
[White "Korpa, Bence"]
[Black "Antal, Gergely"]
[Result "1/2-1/2"]
[WhiteTitle "FM"]
[BlackTitle "GM"]
[WhiteElo "2415"]
[BlackElo "2529"]
[WhiteFideId "706671"]
[BlackFideId "717312"]
[EventDate "2014.05.23"]
[EventType "swiss"]

1. e4 d5 2. exd5 Qxd5 3. Nc3 Qd6 4. d4 Nf6 5. Nf3 c6 6. g3 Bg4 7. Bg2 e6 8. O-O
Be7 9. Bf4 Qd8 10. h3 Bxf3 11. Qxf3 Nbd7 12. Ne4 Nxe4 13. Qxe4 Qb6 14. c4 O-O
15. d5 cxd5 16. cxd5 e5 17. Bxe5 Nxe5 18. Qxe5 Bf6 19. Qf5 Rfe8 20. Rad1 Rad8
21. b3 Re2 22. Rfe1 g6 23. Qf4 Bg5 24. Qf3 Rxa2 25. h4 Bf6 26. Re4 h5 27. Rf4
Rd6 28. Bh3 Kg7 29. Be6 Qd8 30. Rc1 Qe7 31. Rc8 Rd8 32. Rcc4 Ra6 33. Kg2 Rad6
34. Rxf6 Qxf6 35. Rf4 Rxe6 36. dxe6 Qxe6 37. Qxb7 Rd1 38. Rf3 a5 39. Re3 Qf5 40.
Rf3 Qe6 1/2-1/2

[Event "33rd Zalakaros Open 2014"]
[Site "Zalakaros HUN"]
[Date "2014.05.27"]
[Round "5.13"]
[White "Medvegy, Zoltan"]
[Black "Tesik, Csaba"]
[Result "1-0"]
[WhiteTitle "GM"]
[BlackTitle "FM"]
[WhiteElo "2522"]
[BlackElo "2329"]
[WhiteFideId "708402"]
[BlackFideId "735582"]
[EventDate "2014.05.23"]
[EventType "swiss"]

1. d4 Nf6 2. c4 e6 3. g3 c5 4. d5 exd5 5. cxd5 d6 6. Nc3 g6 7. Nf3 Bg7 8. Bg2
O-O 9. O-O a6 10. a4 Nbd7 11. Bf4 Qe7 12. h3 Rb8 13. Rb1 Nh5 14. Bg5 f6 15. Bd2
f5 16. Ng5 Ne5 17. Ne6 Bxe6 18. dxe6 Nf6 19. b4 b6 20. Bg5 Qxe6 21. Bxf6 Qxf6
22. Nd5 Qd8 23. Qc2 Kh8 24. Rfd1 Qc8 25. b5 a5 26. f4 Nd7 27. Qc4 Qd8 28. Rd2
Nf6 29. e3 Re8 30. Nxf6 Qxf6 31. Rb3 Rbd8 32. Rbd3 Re7 33. Kh2 h6 34. Qd5 Rc7
35. Rc2 Qa1 36. Qe6 Qf6 37. Qxf6 Bxf6 38. Bd5 Kg7 39. Kg2 c4 40. Rxc4 Rxc4 41.
Bxc4 Rc8 42. Be6 Rc2+ 43. Kf3 Be7 44. e4 fxe4+ 45. Kxe4 d5+ 46. Bxd5 Bc5 47. Ke5
Bb4 48. g4 Bc3+ 49. Ke6 Re2+ 50. Kd6 Bb4+ 51. Kc6 Bc5 52. Bb3 Re7 53. Rd8 Be3
54. Rg8+ Kf6 55. Rf8+ Kg7 56. Rg8+ Kf6 57. h4 Bc5 58. Rf8+ Kg7 59. Rg8+ Kf6 60.
Rf8+ Kg7 61. Rb8 Kf6 62. Rxb6 Bxb6 63. Kxb6 Re3 64. Bd5 Ke7 65. Kc7 Ra3 66. b6
Rxa4 67. b7 Rb4 68. b8=Q Rxb8 69. Kxb8 Kf6 70. Kc7 a4 71. Kd6 a3 72. Be6 1-0

[Event "33rd Zalakaros Open 2014"]
[Site "Zalakaros HUN"]
[Date "2014.05.27"]
[Round "5.14"]
[White "Almasi, Istvan"]
[Black "Chernyshov, Konstantin"]
[Result "0-1"]
[WhiteTitle "IM"]
[BlackTitle "GM"]
[WhiteElo "2403"]
[BlackElo "2508"]
[WhiteFideId "701742"]
[BlackFideId "4117328"]
[EventDate "2014.05.23"]
[EventType "swiss"]

1. Nf3 Nf6 2. g3 b6 3. Bg2 Bb7 4. O-O e6 5. c4 Be7 6. b3 O-O 7. Bb2 d5 8. e3 Na6
9. d4 c5 10. cxd5 Nxd5 11. Nc3 cxd4 12. Nxd5 Bxd5 13. Nxd4 Bxg2 14. Kxg2 Qd5+
15. Qf3 Qxf3+ 16. Kxf3 Bf6 17. Ke2 Rfc8 18. Rac1 Rc5 19. Rfd1 Rac8 20. Ba3 Rxc1
21. Bxc1 Nb4 22. a3 Nd5 23. Bb2 g5 24. Rd3 Bg7 25. e4 Ne7 26. f3 Ng6 27. Rd2 a6
28. Kd1 h5 29. Ne2 Bxb2 30. Rxb2 Ne5 31. Nd4 g4 32. f4 Nd3 33. Rc2 Rd8 34. Nc6
Rd7 35. Ke2 Nc5 36. b4 Nxe4 37. Nb8 Ra7 38. Rc6 a5 39. Ke3 axb4 40. axb4 Nf6 41.
f5 Nd5+ 42. Ke4 Ne7 43. Rxb6 Nxf5 44. Kf4 Ne7 45. Kg5 Nd5 46. Rd6 Kg7 47. Kxh5
Nf6+ 48. Kh4 Ra2 49. Rd4 Rxh2+ 0-1

[Event "33rd Zalakaros Open 2014"]
[Site "Zalakaros HUN"]
[Date "2014.05.27"]
[Round "5.15"]
[White "Donchenko, Alexander"]
[Black "Czebe, Attila"]
[Result "0-1"]
[WhiteTitle "IM"]
[BlackTitle "GM"]
[WhiteElo "2498"]
[BlackElo "2409"]
[WhiteFideId "24603295"]
[BlackFideId "705268"]
[EventDate "2014.05.23"]
[EventType "swiss"]

1. d4 Nf6 2. c4 c5 3. d5 e5 4. Nc3 d6 5. e4 g6 6. Bd3 Bg7 7. Nge2 Nh5 8. Be3 O-O
9. Qd2 f5 10. exf5 Bxf5 11. O-O-O Bxd3 12. Qxd3 Nf4 13. Qe4 Qf6 14. g3 Nxe2+ 15.
Nxe2 Nd7 16. g4 Qh4 17. Qg2 e4 18. Ng3 Qxg4 19. Qxe4 Ne5 20. f4 Nf7 21. Bd2 Rae8
22. Qd3 Re7 23. h4 b5 24. Rdg1 bxc4 25. Qxc4 Ne5 26. Qe4 Nc6 27. Qd3 Nd4 28. h5
c4 29. Qf1 Qd7 30. Bc3 Qa4 31. Qd1 Qxa2 32. Bxd4 c3 33. Bxc3 Bxc3 34. bxc3 Rb8
35. Qc2 Qa3+ 36. Kd1 Rb2 37. hxg6 Qa1+ 38. Kd2 Rxc2+ 39. Kxc2 Qa2+ 40. Kd3 Qxd5+
41. Kc2 hxg6 0-1